000 00531nam a2200193Ia 4500
005 20250508151304.0
008 008 250505s9999 xx 000 0 eng d
037 _aTextual
040 _aFEDL
_beng
_cFEDL
041 _aeng
_2eng
084 _a370.979, KEE
_qFEDL
100 _aKeesing Felix M
_9133715
245 0 _aEducation in pacific countries
260 _aShanghai
_bKelly and Walsh, Ltd.
_c1937
300 _a226p.
650 _aEducation
942 _cTEXL
_h370.979, KEE
999 _c1328849
_d1328849